LDR 01010naa#a2200229#i#450# 001 RU\\bibl\126682 005 20260701113246.3 011 ## _a2074-9414 100 ## _a20260630b2026####ek#y0rusy0150####ca 101 0# _aRUS 102 ## _aRU 200 1# _aСтруктура, получение и применение фукоидана _eЖурнальная статья 210 1# _aКемерово _cКемеровский государственный университет _d2026 215 ## _a20 с. 608 ## _aЖурнальная статья _2local 675 ## _aСельское хозяйство. Лесное хозяйство. Охота. Рыбное хозяйство. 63 _zRUS 700 #1 _aМальков _gДанил Игоревич 700 #1 _aСухих _gСтанислав Алексеевич 700 #1 _aКаширских _gЕгор Владимирович 700 #1 _aБалашова _gКсения Андреевна 700 #1 _aБарзкар _gНура 856 4# _amoloprom.kemsu.ru _u